| 000 | 00000cam 2200000zi 4500 |
| 001 | 9.962554 |
| 003 | CaOODSP |
| 005 | 20260505091203 |
| 006 | m o d f |
| 007 | cr bn||||||||| |
| 008 | 260505e20260504onc ol f000 0 eng d |
| 040 | |aCaOODSP|beng|erda|cCaOODSP |
| 041 | 0 |aeng|afre |
| 043 | |an-cn--- |
| 086 | 1 |aXB451-276/1-PDF |
| 110 | 1 |aCanada. |bParliament. |bHouse of Commons, |eissuing body. |
| 245 | 13|aAn Act to establish a framework for the continued access to and use of cash in Canada and to make related amendments to other Acts = |bLoi prévoyant l’élaboration d’un cadre pour maintenir l’accès à l’argent en espèces au Canada et son utilisation et apportant des modifications connexes à d’autres lois. |
| 246 | 11|aLoi prévoyant l’élaboration d’un cadre pour maintenir l’accès à l’argent en espèces au Canada et son utilisation et apportant des modifications connexes à d’autres lois |
| 264 | 1|a[Ottawa] : |bHouse of Commons of Canada = Chambre des communes du Canada, |cMay 4, 2026. |
| 300 | |a1 online resource (ii, 4 pages). |
| 336 | |atext|btxt|2rdacontent |
| 337 | |acomputer|bc|2rdamedia |
| 338 | |aonline resource|bcr|2rdacarrier |
| 490 | 1 |aBill C-... ; |vBill C-276, 1st Session, 45th Parliament |
| 500 | |a"First Session, Forty-fifth Parliament, 3-4 Charles III, 2025-2026." |
| 500 | |a"First reading, May 4, 2026." |
| 500 | |a"Mr. Falk." |
| 520 | |a"This enactment provides for the development and implementation of a framework to ensure that cash continues to be available throughout Canada. It also amends the Currency Act and the Bank of Canada Act toremove the Governor in Council’s power to call in coins and notes. Finally, it amends the Bank of Canada Act to prohibit the Bank of Canada from issuing a digital form of the dollar"--Summary, page ii. |
| 546 | |aText in English and French. |
| 610 | 10|aCanada. |tCurrency Act. |
| 610 | 10|aCanada. |tBank of Canada Act. |
| 650 | 0|aMoney|xLaw and legislation|zCanada. |
| 655 | 7|aLegislative bills|2lcgft |
| 788 | |tAn Act to establish a framework for the continued access to and use of cash in Canada and to make related amendments to other Acts = |efre|w(CaOODSP)9.962555 |
| 830 | #0|aBill C-...|vBill C-276, 1st Session, 45th Parliament.|w(CaOODSP)9.500659 |
| 856 | 40|qPDF|s159 KB|uhttps://publications.gc.ca/collections/collection_2026/parl/XB451-276-1.pdf |
| 856 | 4 |qHTML|sN/A|uhttps://www.parl.ca/DocumentViewer/en/45-1/bill/C-276/first-reading |